000 00839cam a22002651 4500
001 he 66001410
003 DLC
005 20260227111440.0
008 720323s1966 is b 000 0 eng
010 _ahe 66001410
025 _aPL480:Is-3385
035 _a(OCoLC)269583
040 _aDLC
_cOSW
_dOCoLC
_dDLC
042 _apremarc
050 0 0 _aLA1441
_b.K58
082 _a331.2
100 2 _aKlinov-Malul, Ruth.
245 1 4 _aThe profitability of investment in education in Israel.
260 _aJerusalem,
_bMaurice Falk Institute for Economic Research in Israel,
_c1966.
300 _axiv, 109 p.
_c25 cm.
500 _aBased on the author's doctoral thesis presented to the Hebrew University, Israel.
504 _aBibliography: p. 105-107.
650 0 _aEducation
_xEconomic aspects
_zIsrael.
650 0 _aIncome
_zIsrael.
999 _c31898
_d31898